| 000 | 02120nam0a2200373 4500 | ||
|---|---|---|---|
| 001 | RU\NLR\bibl\496381 | ||
| 005 | 20250623200603.0 | ||
| 010 |
_a5-7831-0527-9 _9200 |
||
| 021 |
_aRU _b2003-71184 _93525 |
||
| 035 | _a(NLR Aleph) 000489006 | ||
| 090 |
_a1101554 _c1101554 |
||
| 100 | _a20040303d2003 |||y0rusy50 ca | ||
| 101 | 0 | _arus | |
| 102 | _aRU | ||
| 105 | _aa ||||||||| | ||
| 200 | 1 |
_aКодирование цифровой информации для систем передачи данных _eУчеб. пособие _e[Для студентов спец. 210200 "Автоматизация технол. процессов в нефт. и газовой пром-сти"] _fС.В. Емец, С.В. Светлакова _gУфим. гос. нефт. техн. ун-т |
|
| 210 |
_aУфа _cИзд-во УГНТУ _d2003 |
||
| 215 |
_a89 с. _cил. _d21 |
||
| 313 | _aбез нефтяной специфики | ||
| 313 | _aинтерфейсы I2C,USB | ||
| 320 | _aБиблиогр.: с. 88 (12 назв.) | ||
| 606 | 0 |
_aКомпьютеры _jРуководства, пособия и т.п. для высшей школы _xКодирование информации _92170766 _3RU\NLR\auth\661305832 |
|
| 606 | 0 |
_aКомпьютеры _jУчебные издания для высших учебных заведений _xКодирование информации _92170766 _3RU\NLR\auth\661305832 |
|
| 606 | 0 |
_aКомпьютеры _jРуководства, пособия и т.п. для высшей школы _xИнтерфейсы _92205915 _3RU\NLR\auth\661325326 |
|
| 606 | 0 |
_aКомпьютеры _jУчебные издания для высших учебных заведений _xИнтерфейсы _92205915 _3RU\NLR\auth\661325326 |
|
| 686 | _aЗ973.2-014я73-1 | ||
| 700 | 1 |
_aЕмец _bС. В. _gСергей Викторович _4070 |
|
| 701 | 1 |
_aСветлакова _bС. В. _gСветлана Валерьевна _4070 |
|
| 801 | 0 |
_aRU _bNLR _c20040303 _gPSBO |
|
| 801 | 1 |
_aRU _bNLR _c20040303 |
|
| 830 | _aАвт. по кн. | ||
| 942 | _cBOOK | ||
| 980 | _aNB | ||